| 000 | 00436nam a2200181Ia 4500 | ||
|---|---|---|---|
| 001 | 66505 | ||
| 008 | 150514s9999 xx 000 0 und d | ||
| 020 | _a9780333681077 | ||
| 040 | _cPK-LaUMT | ||
| 082 |
_a291 _bCOL-M |
||
| 100 | _aColledge, Ray | ||
| 245 |
_aMastering world religions _cColledge, Ray |
||
| 260 |
_aLondon,UK: _bPalgrave Macmillan, _c1999 |
||
| 300 | _a304 p. | ||
| 546 | _aEN | ||
| 650 | _aReligions | ||
| 942 | _cBK | ||
| 999 |
_c71330 _d71330 |
||